000 00360nam a2200133Ia 4500
008 240624s9999 xx 000 0 und d
041 _aeng
082 _a332.042 FAN
100 _aFANE GEORGE
245 _aCAPITAL MOBILITY EXCHANGE RATES AND ECON
260 _c2000
_aUnited Kingdom
_bEdward Elgar
300 _axii, : 225 : p. : cm. ; 23
365 _cGBP
_b30
999 _c27537
_d27537